000 00903nam a22002657a 4500
001 BR8904246
003 BR-BrBNA
005 20230928093304.0
007 ta
008 230509b bl.||||| |||| 00| 0 por d
040 _aBR-BrBNA
_bpor
_cBiblioteca Nacional de Agricultura
041 _a(Por)
072 _aH20
_b1845
090 _ 1845 BR8904246
100 1 _aFrigo, P.J.G.
110 1 _aUniversidade Federal de Vicosa, MG (Brasil)
_0Tese (Magister Scientiae)
245 1 _aAbsorcao, persistencia e translocacao de estreptomicina em plantas de pimentao
260 3 _aVicosa, MG (Brasil):
_c1988.
300 _a78 p.
500 _a6 illus.; 6 tables; Bibliography p. 71-75 (56 ref.); Summaries (Eng, Por). (*) Documento disponível na(o) Universidade Federal de Vicosa, MG (Brazil)
650 _aPIMENTAO
650 _aESTREPTOMICINA
909 _a202309
_bLucia
_c55
_dLucia Elande
942 _cBK
999 _c44106
_d44106